Adherence and physiological responses to an unsupervised summer training program for a collegiate women's volleyball team /

Bibliographic Details
Main Author: Teitelbaum, Selene Benita
Format: Thesis Microform eBook
Language:English
Published: [Place of publication not identified] : [publisher not identified] ; 2004.
Subjects:

MARC

Tag First Indicator Second Indicator Subfields
LEADER 00000ctm a2200000Ia 4500
001 in00002079813
005 20151102133551.0
007 he bmb024baca
007 cr bn-
008 050721s2004 xx bbm 000 0 eng d
035 |a (OCoLC)ocm61118804 
037 |a PE 4637  |b Kinesiology Publications 
040 |a ORU  |c INT  |d INT  |d HPE  |d IXA  |d UtOrBLW 
049 |a TXAM 
090 |a GV1015.5.T73  |b T45 2004a 
092 |a 796.325 
100 1 |a Teitelbaum, Selene Benita. 
245 1 0 |a Adherence and physiological responses to an unsupervised summer training program for a collegiate women's volleyball team /  |c by Selene Benita Teitelbaum. 
264 1 |a [Place of publication not identified] :  |b [publisher not identified] ;  |c 2004. 
300 |a vii, 81 leaves. 
336 |a text  |b txt  |2 rdacontent 
337 |a microform  |b h  |2 rdamedia 
338 |a microfiche  |b he  |2 rdacarrier 
502 |b M.S.  |c Bemidji State University  |d 2004. 
504 |a Includes bibliographical references (leaves 73-81). 
530 |a Also available online (PDF file) by a subscription to the set or by purchasing the individual file. 
533 |a Microfiche.  |b Eugene :  |c Kinesiology Publications, University of Oregon,  |d 2004.  |e 1 microfiche : negative.  |n "UO 04 405." 
500 |a Microform. 
650 0 |a Volleyball  |x Training. 
650 0 |a Volleyball for women  |x Physiological aspects. 
994 |a 92  |b TXA 
948 |a cataloged  |b h  |c 2005/10/10  |d c  |e blrosas  |f 11:55:34 am 
999 |a MARS 
999 f f |s 7bac4b40-f39a-3b79-9ad0-5a6c534d7b35  |i 8a99f3e5-3b06-3204-8c17-f24f4e08cbc6  |t 0 
952 f f |p normal  |a Texas A&M University  |b College Station  |c Sterling C. Evans Library  |d Evans: Microforms Fiche (3rd floor)  |t 0  |e GV1015.5.T73 T45 2004a  |h Library of Congress classification  |i microform -- microfiche  |m A14833882860 
998 f f |a GV1015.5.T73 T45 2004a  |t 0  |l Evans: Microforms Fiche (3rd floor)